000 01077nam a22002897a 4500
001 000678
003 DO-SdBNP
005 20180209105803.0
007 000678
008 161110b 1986 sp a ||||| |||| 00| 0 spa d
020 _a8420448451
040 _aBPMSU
_bspa
_cBPMSU
100 1 _aJanosch,
_d1931-
_qHorst Eckert,
240 1 _aKomm, wir finden einen Schatz.
_lEspañol.
245 1 0 _aVamos a buscar un tesoro :
_bVamhistoria de cómo el pequeño oso y el pequeño tigre fueron en busca de la felicidad /
_cJanosch ; traducción de Ana Pérez.
260 _aMadrid :
_bAlfaguara,
_c1986.
_g2ª reimp. 1995
300 _a46 p. :
_bil. ;
_c19 cm.
490 1 _aInfantil Alfaguara
500 _aSegunda reimpresión: julio 1995.
500 _aTraducción de: Komm, wir finden einen Schatz
500 _aIncluye datos biográficos del autor en la solapa de la contracubierta.
700 1 2 _aPérez, Ana,
_d1941-
_etr.
830 0 _aInfantil Alfaguara
942 _2ddc
_cBK
945 _aInventariado, 2018 /LP
956 _aLOPEREZ
_b10
_c20161110
_hBPMSU
999 _c11891
_d11891